Creepy Crawler Pictures - Statistics

General Stats
  • This quiz has been taken 30 times
  • The average score is 13 of 24
Answer Stats
Picture Answer % Correct
Wasp
96%
Ant
93%
Ladybug
89%
Mosquito
86%
Praying Mantis
82%
Bee
79%
Termites
79%
Stick insect
75%
Cockroach
71%
Millipede
71%
Flea
64%
Tick
61%
Headlouse
54%
Aphids
50%
Cicada
39%
Scarabaeus
39%
Bedbug
36%
Earwig
32%
Cricket
25%
Daddy longlegs
25%
Fruitfly
25%
Silverfish
25%
Weevil
14%
Damselfly
4%
No matching quizzes found
Score Distribution
Percent of People with Each Score
Percentile by Number Answered
Your Score History
You have not taken this quiz